000 01254nam a22003617a 4500
003 CHAP
005 20220817044359.0
008 101013s2010 it a rn 00010 eng d
010 _a99419
011 _a100391
020 _a9789251064948
035 _a111077
040 _cCHAP
082 0 4 _a631.5
_bF34y v.9
110 2 _aFAO
245 1 3 _aChallenges and opportunities for carbon sequestration in grassland systems :
_ba technical report on grassland management and climate change mitigation
_c/compilado por Richard T. Conant
260 _aRome :
_bFAO,
_c2010
300 _av, 57 p.
_bilus., cuadros, gráfs.
490 0 _aFAO. Gestión integrada de cultivos
_v; 9
590 _aBATCH-UPD
_b10
_c20130110
_lUCH01
_h0931
590 _aBATCH-UPD
_b10
_c20130410
_lUCH01
_h0550
590 _aBATCH-UPD
_b10
_c20130914
_lUCH01
_h0821
590 _aCONVERSION
_b10
_c20130109
_lUCH01
_h1355
650 1 4 _aCambio climático.
_917781
650 1 4 _aCarbono.
650 1 4 _aPastizales.
_985916
650 1 4 _aPastizales
_xManejo.
_985944
700 1 _aConant, Richard T.
_926277
830 0 0 _aFAO. Gestión integrada de cultivos
_v; 9
_939569
901 _aBK
942 _cLIBRO
949 _a631.5 F34y v.9
_bBC
_cFAO
_d33724002218876
_eFAO1
_h113567
_i111077
_sb
999 _c99419
_d99419